| 000 | 02403aab a2200517 a 4500 | ||
|---|---|---|---|
| 003 | AR-RoUNA | ||
| 008 | 140529||||||||||||||||| |||| 0|||| d | ||
| 022 | _a0210-2080 | ||
| 040 |
_aAR-RoUNA _bspa |
||
| 041 |
_aspa _aeng |
||
| 044 | _asp | ||
| 080 | _a72.036 | ||
| 092 | _lLL792 | ||
| 245 |
_aOn Diseño _nNº 149 |
||
| 260 |
_aBarcelona : _bOn Diseño, _c1998 |
||
| 300 |
_a181 p. : _bplanos _bplantas _bfot. col. _c29x24 cm |
||
| 505 | 0 | _tAmbros Jordi / El espacio del trabajo. p. 64 | |
| 505 | 0 | _tESPACIOS GENÉRICOS | |
| 505 | 0 | _aÁlvarez Sala Enrique, Rubio Carlo y Ruiz Larrea César / Edificio de oficinas en Madrid. p. 70 | |
| 505 | 0 | _tESPACIOS VINCULADOS A LA PRODUCCION | |
| 505 | 0 | _aBach Jaume y Mora Gabriel/ Renovación de un edificio industrial en Bigues. (Barcelona). p. 80 | |
| 505 | 0 | _aCinnamod Norman, Torrentó Carlos y Sala Antoni / Edificio industrial en el Parc Tecnologic. Parque tecnológico. p. 86 | |
| 505 | 0 | _aSalas Fernando, interiorista / Oficinas en Sant Just Desvern. (Barcelona). p. 94 | |
| 505 | 0 | _tESPACIOS VINCULADOS A LA CREACIÓN | |
| 505 | 0 | _aConde Santiago, Ferrater Carlos, Henrich Jordi/ Estudio de diseño gráfico en Barcelona. p. 100 | |
| 505 | 0 | _aRodon Joan / Estudio de arquitectura en Sant Gervasi. (Barcelona). p. 106 | |
| 505 | 0 | _aBriones M. Dalmau T. y Marqués (B.D.M arquitectos) Despacho para notaría en Barcelona. p. 112 | |
| 505 | 0 | _aCosín Pepe y Miralles Aurelio/ Oficina de Ingeniería en Valencia. p. 118 | |
| 505 | 0 | _aOleguer Marc/ La nueva oficina. p. 126 | |
| 505 | 0 | _tDISEÑO | |
| 505 | 0 | _aLos tiempos están cambiando. p. 131 | |
| 505 | 0 | _tESPACIOS VINCULADOS A LA GESTIÓN | |
| 505 | 0 | _aPérez Medina Diego / Nueva comisaría de policía en Madrid. p. 150 | |
| 505 | 0 | _aVélez Antonio y Abad Manuel / Rehabilitación del edificio de Correos (Madrid). p. 158 | |
| 505 | 0 | _aEstudio López - Amor y Asociados / Rehabilitación del edificio de la Telefónica en Madrid. p. 168 | |
| 505 | 0 | _aOriglia Giorgio/ Cambios imperceptibles. p. 178 | |
| 650 | 4 |
_aArquitectura contemporanea _912617 |
|
| 650 | 4 |
_aDiseño _93694 |
|
| 700 | 1 |
_aLlopis, Carme _edrt _912618 |
|
| 773 |
_aOn Diseño _dBarcelona, AramEdiciones S.A, _g149 ( 1994 ). p.181 _x0210-2080 |
||
| 908 | _aImp | ||
| 930 | _e6171 | ||
| 942 |
_2udc _cART |
||
| 945 |
_aMBP _d2019-02-19 |
||
| 980 |
_61 _aMaricel Allasia _81 _gMaricel Allasia |
||
| 999 |
_c12148 _d12148 |
||